Transfery West Bromu w zimowym okienku transferowym 20/21. - Statystyki

Ogólne statystyki
  • Ten quiz został rozwiązany 5 razy
  • Średni wynik to 2 z 5
Statystyki odpowiedzi
Cena Pozycja Poprzedni klub Piłkarz % Poprawnych
Wypożyczenie Prawy pomocnik Arsenal Maitland-Niles
80%
110 tys Prawy napastnik West Ham Snodgrass
60%
Wypożyczenie Defensywny pomocnik Celta Vigo Yokuslu
40%
Wypożyczenie Środkowy napastnik Galatasaray Diagne
20%
Za darmo Bramkarz Stoke Lonergan
20%
Nie znaleziono quizów pasujących do podanych kryteriów
Rozkład punktacji
Procent ludzi z każdym wynikiem
Percentyl według liczby udzielonych odpowiedzi
Twoja historia wyników
Nie rozwiązałeś tego quizu